Normal view
MARC view
- الاباضية- فرقة اسلامية
Entry Topical Term
001 - CONTROL NUMBER
- control field: 45123
003 - CONTROL NUMBER IDENTIFIER
- control field: JO-AjAnu
005 - DATE AND TIME OF LATEST TRANSACTION
- control field: 20230606081451.0
008 - FIXED-LENGTH DATA ELEMENTS
- fixed length control field: 230606|| aca||aabn | a|a d
040 ## - CATALOGING SOURCE
- Original cataloging agency: JO-AjAnu
- Transcribing agency: JO-AjAnu
150 ## - HEADING--TOPICAL TERM
- Topical term or geographic name entry element: الاباضية- فرقة اسلامية
670 ## - SOURCE DATA FOUND
- Source citation: Work cat.: (JO-AjAnu)23104: إعداد الخروصي، أحمد بن سالم بن موسى, author 45122, استقلال السنة بالتشريع عند الإباضية دراسة تأصيلية